00937nam a22001697a 4500003000900000008004100009040007100050082002400121100003200145245016100177260001900338300007300357505027400430650001700704650001700721650002900738AR-CdUCM190329b ||||| |||| 00| 0 spa d aMUNICIPALIDAD PROVINCIAL DEL CUSCOcBIBLIOTECA MUNICIPAL DEL CUSCO a526.6 / bD67 /1953 aDianderas Sanchez, Gerardo, aGeografía matemática : blecciones dictadas en la Facultad de Ciencias y en el Instituto de Geografía de la Universidad Nacional Mayor de San Marcos / aLima : c1953. a255 paginas ;.bIlustraciones, formulas, cuadros, diggramas,c24 cm. aContenido : Definición y objeto de la geografía matemática -- Unidades de medida -- Constitución general del universo -- Descripción, dimensiones y forma de nuestra galaxia -- Origen del sistema planetario solar -- Paralaje del sol por la paralaje de venus... aGeografía  aMatemática aSistema planetario solar